Match Words with Missing Letters - Click Quiz - Statistics

General Stats
  • This quiz has been taken 105 times
  • The average score is 12 of 26
Answer Stats
Hint Explanation Answer % Correct
E bureaucracy buraucracy
70%
W taekwondo taekondo
66%
J benjamin benamin
65%
Z paparazzi paparazi
62%
U entrepreneur entreprener
59%
M jambalaya jabalaya
57%
A camaraderie camraderie
55%
N millennium millenium
55%
S whippersnapper whippernapper
55%
K brinkmanship brinmanship
54%
R maelstrom maelstom
51%
D tawdry tawry
51%
C acquiescence aquiescence
49%
I conscientious conscientous
49%
O Cretaceous Cretaceus
49%
Q grandiloquent grandilouent
46%
T abattoir abatoir
43%
H polyrhythmic polyrythmic
43%
L profligate profigate
43%
G pugnacious punacious
39%
X expurgate epurgate
36%
V impervious imperious
34%
F perfidious peridious
32%
Y waylay walay
30%
P rapprochement raprochement
27%
B adumbrate adumrate
22%
No matching quizzes found
Score Distribution
Percent of People with Each Score
Percentile by Number Answered
Your Score History
You have not taken this quiz